[Event "ch-FRA Blitz Online Qual"]
[Site "Europe-Chess INT"]
[Date "2020.05.16"]
[Round "13"]
[White "Deschamps, Quentin"]
[Black "Carme, Jeremie"]
[Result "1-0"]
[WhiteElo "1908"]
[BlackElo "1659"]
[WhiteFideId "26010119"]
[BlackFideId "45184593"]
[EventDate "2020.05.16"]

1. e4 c5 2. Nf3 Nc6 3. d4 cxd4 4. Nxd4 e5 5. Nb5 d6 6. c4 a6 7. N5c3 Nge7 8. Be3
h6 9. Be2 g5 10. Nd5 Nxd5 11. cxd5 Ne7 12. Qb3 Bg7 13. Nc3 O-O 14. Rc1 Ng6 15.
Na4 b5 16. Nb6 Rb8 17. Nxc8 Rxc8 18. O-O Nf4 19. Bxf4 exf4 20. Bg4 Rc5 21. Rxc5
dxc5 22. Qc2 Qd6 23. Rc1 c4 24. b3 c3 25. Qd3 b4 26. Re1 a5 27. Bd1 Re8 28. Bc2
Be5 29. Qh3 Kg7 30. Qf5 Qf6 31. Qg4 Kg6 32. h4 h5 33. Qxg5+ Qxg5 34. hxg5 Kxg5
35. f3 Rg8 36. Kf2 h4 37. Rh1 Bd4+ 38. Ke2 Kh5 39. Kd3 Be5 40. Rh2 Rc8 41. Rh1
Rc7 42. Re1 Rc8 43. Re2 Rg8 44. Kc4 Rg3 45. Kb5 Bc7 46. Kc6 Bd8 47. e5 h3 48.
gxh3 Rxf3 49. e6 fxe6 50. dxe6 Re3 51. Rf2 Rxe6+ 52. Kd7 Re3 53. Kxd8 Kg5 54.
Kd7 Rxh3 55. Kd6 Kg4 56. Ke5 f3 57. Bf5+ Kg3 58. Rc2 Rh2 59. Rc1 Rxa2 60. Bd3 f2
61. Kd5 Rb2 62. Kc4 Kg2 63. Kb5 Rxb3 64. Kxa5 Rb2 65. Bf1+ Kg3 66. Bc4 c2 67.
Ka4 Rb1 68. Rxc2 b3 69. Rc3+ 1-0

[Event "ch-FRA Blitz Online Qual"]
[Site "Europe-Chess INT"]
[Date "2020.05.16"]
[Round "13"]
[White "Villevieille, Lucas"]
[Black "Blanchard, Samuel"]
[Result "1-0"]
[WhiteElo "1713"]
[BlackElo "1921"]
[WhiteFideId "36022349"]
[BlackFideId "36023990"]
[EventDate "2020.05.16"]

1. d4 f5 2. c4 Nf6 3. Nc3 e6 4. Bg5 Bb4 5. Bxf6 Qxf6 6. f3 Bxc3+ 7. bxc3 O-O 8.
e3 c5 9. Bd3 Nc6 10. Ne2 b6 11. O-O Bb7 12. d5 Ne5 13. e4 Rad8 14. Ng3 f4 15.
Ne2 Ba6 16. Rc1 g5 17. Qd2 Rf7 18. Kh1 Rg7 19. Ng1 h6 20. Be2 Bxc4 21. Bxc4 Nxc4
22. Qe2 Ne5 23. Nh3 c4 24. Nf2 d6 25. dxe6 Qxe6 26. Rcd1 Re7 27. Rd5 Kg7 28.
Rfd1 h5 29. h3 Kh6 30. Qf1 a6 31. Qe2 b5 32. Kh2 Rg7 33. Qf1 Rg6 34. a3 g4 35.
fxg4 hxg4 36. hxg4 Nxg4+ 37. Kg1 Ne3 38. Qe2 Rxg2+ 39. Kh1 1-0

[Event "ch-FRA Blitz Online Qual"]
[Site "Europe-Chess INT"]
[Date "2020.05.16"]
[Round "13"]
[White "Garde, Guillaume"]
[Black "Eveno, Nathan"]
[Result "0-1"]
[WhiteElo "1716"]
[BlackElo "2069"]
[WhiteFideId "45138273"]
[BlackFideId "45132178"]
[EventDate "2020.05.16"]

1. e4 c5 2. Nc3 a6 3. g3 b5 4. Bg2 Bb7 5. a4 b4 6. Nd5 e6 7. Ne3 Nf6 8. d3 d5 9.
exd5 Nxd5 10. Nxd5 Bxd5 11. Bxd5 Qxd5 12. Qf3 Nc6 13. Qxd5 exd5 14. Ne2 Bd6 15.
Bf4 Kd7 16. O-O Rhe8 17. Bxd6 Kxd6 18. Nf4 g5 19. Ng2 Re2 20. Ne3 d4 21. Nc4+
Kc7 22. Rac1 Rae8 23. Rfd1 Ne5 24. Nxe5 R8xe5 25. Kf1 b3 26. Re1 Rxe1+ 27. Rxe1
bxc2 28. Rc1 Kd6 29. Rxc2 Re7 30. Kg2 g4 31. h3 h5 32. hxg4 hxg4 33. Kf1 Kd5 34.
b3 Rb7 35. Rb2 Kc6 36. Ke2 Kb6 37. Kd1 Ka5 38. Kc2 Re7 39. Kd2 Kb4 40. Rb1 a5
41. Rc1 Re5 42. Rb1 Ka3 43. Rh1 Kxb3 44. Rh7 f5 45. Rb7+ Kxa4 46. Kd1 f4 47.
gxf4 Rf5 48. Rc7 Kb4 49. Rb7+ Kc3 50. Ra7 Kxd3 51. Rxa5 Rxf4 52. Rxc5 Rxf2 53.
Ke1 Re2+ 54. Kf1 g3 55. Ra5 g2+ 56. Kg1 Rc2 57. Ra3+ Ke4 58. Rh3 d3 59. Rh8 Re2
60. Re8+ Kd4 61. Rd8+ Kc3 62. Rc8+ Kd2 63. Rd8 Re1+ 64. Kxg2 Kc2 65. Rc8+ Kd1
66. Kf2 d2 67. Rc7 Rh1 68. Rc8 Rh7 69. Rc6 Rf7+ 70. Ke3 Ke1 71. Rh6 d1=Q 72.
Rh1+ Rf1 73. Rxf1+ Kxf1 0-1

[Event "ch-FRA Blitz Online Qual"]
[Site "Europe-Chess INT"]
[Date "2020.05.16"]
[Round "13"]
[White "Sumarriva Paulin, Laura"]
[Black "Senegas, Pascal"]
[Result "0-1"]
[WhiteTitle "WFM"]
[WhiteElo "2023"]
[BlackElo "1654"]
[WhiteFideId "45102635"]
[BlackFideId "45102074"]
[EventDate "2020.05.16"]

1. d4 d5 2. c4 e6 3. Nc3 Nf6 4. cxd5 Nxd5 5. e4 Nxc3 6. bxc3 Be7 7. Nf3 O-O 8.
Bd3 Nd7 9. O-O b6 10. a4 Bb7 11. Re1 c5 12. a5 Qc7 13. Bb2 Rfd8 14. e5 cxd4 15.
cxd4 Bd5 16. Rc1 Qb7 17. a6 Qb8 18. Bb1 Rc8 19. Qd3 g6 20. Qe3 Rxc1 21. Bxc1 Qc8
22. Bd3 Bc4 23. Be4 Bd5 24. Bxd5 exd5 25. Qb3 Qc4 26. Qxc4 dxc4 27. d5 Bc5 28.
e6 fxe6 29. dxe6 Nf6 30. Bg5 Ng4 31. Bh4 Re8 32. h3 Nh6 33. g4 Kg7 34. Re5 Bd6
35. Re4 b5 36. Nd4 Rb8 37. Nc6 Re8 38. Nxa7 b4 39. Nc6 b3 40. Rxc4 Rxe6 41. Na7
b2 0-1

[Event "ch-FRA Blitz Online Qual"]
[Site "Europe-Chess INT"]
[Date "2020.05.16"]
[Round "13"]
[White "Tomasi, Elise"]
[Black "Druon, Thibault"]
[Result "1-0"]
[WhiteElo "2030"]
[BlackElo "1644"]
[WhiteFideId "26088843"]
[BlackFideId "45166510"]
[EventDate "2020.05.16"]

1. d4 Nf6 2. Nf3 g6 3. g3 Bg7 4. Bg2 O-O 5. O-O d5 6. c4 c6 7. Nc3 Re8 8. Ne5 e6
9. Qb3 Nbd7 10. Rd1 Nxe5 11. dxe5 Nd7 12. f4 f6 13. exf6 Nxf6 14. h3 Qc7 15. Be3
b6 16. Rac1 Ba6 17. cxd5 exd5 18. Nxd5 Qf7 19. Nxf6+ Bxf6 20. Qxf7+ Kxf7 21.
Bxc6 Rac8 22. Bxe8+ Rxe8 23. Kf2 Kg7 24. Rc7+ Kh8 25. Rxa7 Bb5 26. a4 Bc4 27.
Rdd7 Bg8 28. Bd4 Bxd4+ 29. Rxd4 Rc8 30. Rb7 Re8 31. Rxb6 Rc8 32. Rb7 Re8 33. a5
Rc8 34. a6 Ra8 35. a7 h5 36. Rb8 Rxa7 37. Rdd8 Rg7 38. Rxg8+ Rxg8 39. Rxg8+ Kxg8
40. b4 Kf7 41. Ke3 Ke6 42. Kd4 Kd6 43. b5 Kc7 44. Kc5 Kb7 45. Kd6 Kb6 46. Ke6
Kxb5 47. Kf6 Kc4 48. Kxg6 Kd4 49. Kxh5 Ke3 50. f5 Kxe2 51. f6 Kf3 52. f7 Kxg3
53. f8=Q Kxh3 54. Qf4 Kg2 55. Qe3 1-0

[Event "ch-FRA Blitz Online Qual"]
[Site "Europe-Chess INT"]
[Date "2020.05.16"]
[Round "13"]
[White "Lesueur, Gabriel"]
[Black "Breuil, Virgile"]
[Result "1-0"]
[WhiteElo "1906"]
[BlackElo "1622"]
[WhiteFideId "45186359"]
[BlackFideId "45163693"]
[EventDate "2020.05.16"]

1. e4 e5 2. Nf3 Nc6 3. Bb5 Nge7 4. d4 exd4 5. c3 g6 6. Bg5 Bg7 7. cxd4 O-O 8.
Nc3 f6 9. Be3 a6 10. Bc4+ Kh8 11. O-O f5 12. Ng5 Qe8 13. e5 Na5 14. Bd3 d6 15.
f4 b6 16. b4 Nac6 17. a3 dxe5 18. fxe5 h6 19. Nf3 f4 20. Bf2 Be6 21. Be4 Rd8 22.
Qe2 Bg4 23. Rad1 Nf5 24. Nd5 Qd7 25. h3 Bxf3 26. Qxf3 Qc8 27. Nxf4 Nfe7 28. Qg3
g5 29. Nh5 Nf5 30. Qc3 Nce7 31. Nxg7 Kxg7 32. d5 Kg8 33. e6 Nd6 34. Bd4 Nxe4 35.
Qb2 Nf5 36. Bh8 Kh7 37. Be5 Ne3 38. Qb1 Rxf1+ 39. Rxf1 Nxf1 40. Qxe4+ Kg8 41.
Qg6+ Kf8 42. Qg7+ Ke8 43. Qf7# 1-0

[Event "ch-FRA Blitz Online Qual"]
[Site "Europe-Chess INT"]
[Date "2020.05.16"]
[Round "13"]
[White "Perolini, Cedric"]
[Black "Evrin, Selvam"]
[Result "1-0"]
[WhiteElo "1706"]
[BlackElo "1882"]
[WhiteFideId "20692773"]
[BlackFideId "36094404"]
[EventDate "2020.05.16"]

1. e4 c5 2. d4 cxd4 3. Nf3 Nc6 4. Bc4 d6 5. c3 d3 6. Bxd3 Nf6 7. O-O g6 8. Nd4
Bg7 9. Bb5 Bd7 10. Bd3 O-O 11. Qc2 Rc8 12. Be3 Ng4 13. Nxc6 Nxe3 14. Nxd8 Nxc2
15. Bxc2 Rfxd8 16. Rd1 b5 17. Nd2 b4 18. c4 Bxb2 19. Rab1 Bc3 20. Bb3 Bc6 21. f3
a5 22. Rbc1 a4 23. Bc2 Rb8 24. Nb1 Bg7 25. Rd3 Rdc8 26. Kf2 Bd7 27. Ke2 Rxc4 28.
Nd2 Rc5 29. Kd1 Rbc8 30. Rd5 1-0

[Event "ch-FRA Blitz Online Qual"]
[Site "Europe-Chess INT"]
[Date "2020.05.16"]
[Round "13"]
[White "Gerandi, Guillaume"]
[Black "Menoux, Joachim"]
[Result "1/2-1/2"]
[WhiteElo "1876"]
[BlackElo "1627"]
[WhiteFideId "20648359"]
[BlackFideId "36066206"]
[EventDate "2020.05.16"]

1. e4 e6 2. d4 d5 3. Nc3 Nf6 4. e5 Nfd7 5. f4 c5 6. Nf3 Nc6 7. Be3 Qb6 8. a3
cxd4 9. Nxd4 Nxd4 10. Bxd4 Bc5 11. Na4 Qc7 12. Nxc5 Nxc5 13. Be2 O-O 14. O-O b6
15. Qe1 Ne4 16. Bd3 Nc5 17. Be2 Ne4 18. Bf3 Qxc2 19. Qh4 Nd2 20. Rf2 Qd3 21. Bc3
Nxf3+ 22. Rxf3 Qe4 23. Re1 Qf5 24. Rg3 Bb7 25. Qh6 g6 26. Rh3 g5 27. Rg3 g4 28.
h3 Kh8 29. Rxg4 Rg8 30. Rg5 Rxg5 31. fxg5 Qg6 32. Qh4 Rg8 33. Rf1 d4 34. Bxd4
Qxg5 35. Qxg5 Rxg5 36. g4 h5 37. Rf4 hxg4 38. hxg4 Kg7 39. Kf2 Rg6 40. Kg3 Rh6
41. Rf2 Rh1 42. Rc2 Bd5 43. Rc7 a5 44. Rc8 Rd1 45. Bc3 Rd3+ 46. Kf4 Kg6 47. g5
Rf3+ 48. Kg4 Rf1 49. Rg8+ Kh7 50. Rf8 Bf3+ 51. Kh4 Kg7 52. Rb8 b5 53. Rxb5 Be2
54. Rxa5 Rh1+ 55. Kg3 Rg1+ 56. Kf4 Rg4+ 57. Ke3 Bd1 58. b4 Rg3+ 59. Kd4 Bc2 60.
b5 Rd3+ 61. Kc5 Rxc3+ 62. Kd6 Rd3+ 63. Ke7 Rd5 64. a4 Bxa4 65. Rxa4 Rxb5 66. Re4
Rd5 67. Re3 Kg6 68. Re2 Rd4 69. Rf2 Re4 70. Rxf7 Rxe5 71. Rf6+ Kxg5 72. Rxe6
Rxe6+ 73. Kxe6 1/2-1/2

[Event "ch-FRA Blitz Online Qual"]
[Site "Europe-Chess INT"]
[Date "2020.05.16"]
[Round "13"]
[White "Pigeat, Benoit"]
[Black "Hucault, Christophe"]
[Result "1-0"]
[WhiteElo "1873"]
[BlackElo "1612"]
[WhiteFideId "20643390"]
[BlackFideId "26057336"]
[EventDate "2020.05.16"]

1. e4 c5 2. c3 e6 3. d4 cxd4 4. cxd4 Nf6 5. Nc3 Bb4 6. f3 d5 7. e5 Nfd7 8. Be3
f6 9. f4 Qa5 10. Qd2 O-O 11. Nf3 fxe5 12. fxe5 Nc6 13. Bd3 Ne7 14. O-O Nf5 15.
Ng5 Nb6 16. Bxf5 Rxf5 17. Qd3 Rxf1+ 18. Rxf1 Bd7 19. Qxh7# 1-0

[Event "ch-FRA Blitz Online Qual"]
[Site "Europe-Chess INT"]
[Date "2020.05.16"]
[Round "13"]
[White "Maugin, Narada"]
[Black "Dimey, Cyrille"]
[Result "1-0"]
[WhiteElo "1947"]
[BlackElo "1871"]
[WhiteFideId "45165025"]
[BlackFideId "20658273"]
[EventDate "2020.05.16"]

1. c4 c5 2. Nc3 g6 3. Nf3 Bg7 4. d4 cxd4 5. Nxd4 Nc6 6. Nxc6 dxc6 7. Qxd8+ Kxd8
8. Bg5 Nf6 9. O-O-O+ Kc7 10. Bf4+ Kb6 11. b4 a5 12. c5+ Ka7 13. bxa5 Ng4 14. Ne4
Bf5 15. h3 Bxe4 16. hxg4 e5 17. Bd2 Bd5 18. Kb1 Kb8 19. Bc3 Kc7 20. f3 Rad8 21.
e4 Bxa2+ 22. Kc2 Bb3+ 23. Kxb3 Rxd1 24. Kc2 Rdd8 25. Bc4 f6 26. Rb1 h5 27. a6
Ra8 28. Rxb7+ Kc8 29. Rxg7 hxg4 30. Rxg6 gxf3 31. gxf3 Rh2+ 32. Kb3 Rb8+ 33. Bb4
Rh1 34. Rg8+ Kc7 35. Rg7+ Kc8 36. Be6+ Kd8 37. Rg8+ Kc7 38. Rg7+ Kd8 39. Rd7+
Ke8 40. Rb7 Rb1+ 41. Kc4 Ra8 42. a7 Ra1 43. Rb8+ 1-0

[Event "ch-FRA Blitz Online Qual"]
[Site "Europe-Chess INT"]
[Date "2020.05.16"]
[Round "13"]
[White "Afraoui, Solenn"]
[Black "Trevisiol, Antoine"]
[Result "0-1"]
[WhiteElo "1889"]
[BlackElo "1788"]
[WhiteFideId "625167"]
[BlackFideId "45136530"]
[EventDate "2020.05.16"]

1. e4 e6 2. d4 d5 3. Nc3 Bb4 4. e5 c5 5. Bd2 cxd4 6. Nb5 Bc5 7. b4 Bf8 8. Nxd4
Nc6 9. Nxc6 bxc6 10. Nf3 Qb6 11. Bd3 Ba6 12. O-O Ne7 13. a4 Bxd3 14. cxd3 Ng6
15. d4 Be7 16. Rb1 a6 17. Qc2 O-O 18. Rfc1 Rfc8 19. Qa2 Rab8 20. h3 Qa7 21. Qa1
Nh4 22. Nxh4 Bxh4 23. Qa3 Qxd4 24. Bc3 Qxf2+ 25. Kh1 c5 26. Be1 Qf4 27. Bxh4
Qxh4 28. bxc5 Rxb1 29. Rxb1 Qd4 30. Qb3 h6 31. c6 Qxe5 32. Qb7 Qc7 33. Qxa6 Qxc6
34. Qxc6 Rxc6 35. Rb8+ Kh7 36. Ra8 Rc1+ 37. Kh2 Ra1 38. a5 Kg6 39. a6 d4 40. a7
e5 41. h4 Ra3 42. Kg1 Kf5 43. Kf2 g6 44. Ke2 h5 45. Kd2 Ke4 46. Ke2 Ra2+ 47. Kd1
Kd3 48. Kc1 e4 49. Kb1 Ra4 50. Kc1 e3 51. Kd1 Ra1# 0-1

[Event "ch-FRA Blitz Online Qual"]
[Site "Europe-Chess INT"]
[Date "2020.05.16"]
[Round "13"]
[White "Del Giovane, Fabio"]
[Black "Dore, Armand"]
[Result "0-1"]
[WhiteElo "1629"]
[BlackElo "1855"]
[WhiteFideId "45142190"]
[BlackFideId "680508"]
[EventDate "2020.05.16"]

1. e4 c5 2. Nf3 d6 3. Bb5+ Nd7 4. Bxd7+ Bxd7 5. O-O Nf6 6. Re1 e5 7. c3 Be7 8.
d4 Qc7 9. dxe5 dxe5 10. Nbd2 b5 11. a4 O-O 12. axb5 Bxb5 13. c4 Bc6 14. Qc2 Rfd8
15. b3 a5 16. Bb2 Bd6 17. Qc3 Re8 18. h3 h6 19. Nh4 g6 20. Qe3 Kg7 21. f3 a4 22.
bxa4 Bxa4 23. Ra3 Bc6 24. Rea1 Rxa3 25. Rxa3 Rb8 26. Bc1 Nh5 27. Nb3 Nf4 28. Kh2
Be7 29. g3 Qd8 30. Nf5+ gxf5 31. gxf4 exf4 32. Qc3+ Bf6 33. e5 Bg5 34. Bb2 Qd1
35. e6+ Kg6 36. Qg7+ Kh5 37. Qxf7+ Kh4 38. Ra1 Qe2+ 39. Kg1 Qe3+ 40. Kh2 Qf2+
41. Kh1 Bxf3# 0-1

[Event "ch-FRA Blitz Online Qual"]
[Site "Europe-Chess INT"]
[Date "2020.05.16"]
[Round "13"]
[White "Bellahcene, Meriem"]
[Black "Bui, Christopher"]
[Result "1-0"]
[WhiteElo "1936"]
[BlackElo "1849"]
[WhiteFideId "20655347"]
[BlackFideId "45107998"]
[EventDate "2020.05.16"]

1. e4 c5 2. Nc3 a6 3. g3 b5 4. Bg2 Bb7 5. d3 e6 6. f4 Nf6 7. Nf3 d5 8. exd5 Nxd5
9. O-O Be7 10. Ne4 O-O 11. c3 Nf6 12. Ne5 Nxe4 13. dxe4 Nc6 14. Ng4 Qxd1 15.
Rxd1 Rfd8 16. Be3 h5 17. Nf2 h4 18. Bf3 hxg3 19. hxg3 Na5 20. Be2 Rac8 21. b3
Kf8 22. Rxd8+ Rxd8 23. Rd1 Rxd1+ 24. Bxd1 c4 25. Bc2 cxb3 26. axb3 g6 27. Bd4 f5
28. exf5 exf5 29. Nd3 Nc6 30. Ne5 Nxd4 31. cxd4 Kg7 32. Kf2 1-0

[Event "ch-FRA Blitz Online Qual"]
[Site "Europe-Chess INT"]
[Date "2020.05.16"]
[Round "13"]
[White "Suspene, Jacques"]
[Black "Condat, Hugo"]
[Result "0-1"]
[WhiteElo "1610"]
[BlackElo "1961"]
[WhiteFideId "651023059"]
[BlackFideId "26027402"]
[EventDate "2020.05.16"]

1. e4 e6 2. d4 d5 3. Nc3 Nf6 4. e5 Nfd7 5. Nce2 c5 6. c3 Nc6 7. f4 f6 8. Nf3 Qb6
9. g3 cxd4 10. cxd4 fxe5 11. fxe5 Bb4+ 12. Nc3 O-O 13. a3 Rxf3 14. Qxf3 Nxd4 15.
Qd1 Nxe5 16. Be3 Nc2+ 17. Qxc2 Qxe3+ 18. Qe2 Bxc3+ 19. Kd1 Qd4+ 20. Kc2 Bxb2 21.
Rb1 Qc3+ 22. Kd1 Bxa3 23. Qc2 Qf3+ 24. Kd2 Bd6 25. Be2 Qf2 26. Rbf1 Qd4+ 27. Kc1
Bd7 28. Rd1 Qb4 29. Rhf1 Rc8 30. Qxc8+ Bxc8 31. Rd2 Bd7 32. Rc2 Bc6 33. Rb2 Qd4
34. Rc2 Qe3+ 35. Rd2 Nc4 36. Rf3 Qxd2+ 37. Kb1 Qb2# 0-1

[Event "ch-FRA Blitz Online Qual"]
[Site "Europe-Chess INT"]
[Date "2020.05.16"]
[Round "13"]
[White "Douchez, Tony"]
[Black "Le Bas, Alexis"]
[Result "1/2-1/2"]
[WhiteElo "1630"]
[BlackElo "1889"]
[WhiteFideId "36087785"]
[BlackFideId "651087"]
[EventDate "2020.05.16"]

1. e4 d6 2. d4 Nf6 3. Nc3 g6 4. Nf3 Bg7 5. Bc4 c5 6. dxc5 Qa5 7. Bd2 Qxc5 8. Qe2
a6 9. a4 Bg4 10. Bb3 Nbd7 11. h3 Bxf3 12. Qxf3 O-O 13. O-O Rac8 14. Kh1 Ne5 15.
Qe2 Qc7 16. Bf4 Nfd7 17. Nd5 Qd8 18. c3 Nc5 19. Bc2 e6 20. Ne3 Qe7 21. Rad1 Rfd8
22. Kg1 Qe8 23. Ra1 Qe7 24. Rfd1 h6 25. Ng4 Nxg4 26. Qxg4 e5 27. Be3 Kh7 28. Rd5
Ne6 29. Rd2 Rf8 30. Qe2 f5 31. f3 f4 32. Bf2 g5 33. Rad1 Rfd8 34. Bb3 Bf8 35.
Rd3 Qf6 36. Bd5 b6 37. Bxb6 Rd7 38. a5 Be7 39. Bf2 Rg8 40. b4 h5 41. Kf1 g4 42.
fxg4 hxg4 43. Ke1 g3 44. Bg1 Rg7 45. Kd2 Ng5 46. Kc2 f3 47. gxf3 Nxh3 48. Qg2
Nf4 49. Qd2 Nxd3 50. Qxd3 Qg5 51. Qxa6 g2 52. Qe2 Qg3 53. Bf2 Qg5 54. Rg1 Rc7
55. Be3 Qh5 56. a6 Rc8 57. a7 Qe8 58. a8=Q Rxa8 59. Bxa8 Qxa8 60. Rxg2 Qa2+ 61.
Kd3 Qb1+ 62. Kc4 Rxg2 63. Qxg2 Qa2+ 64. Kd3 Qb1+ 65. Qc2 Qf1+ 66. Qe2 Qb1+ 67.
Kd2 Qb2+ 68. Kd3 Qb1+ 69. Kc4 Qa1 70. Qh2+ Kg8 71. Qe2 Qa6+ 72. b5 Qa4+ 73. Kd3
Qxb5+ 74. Kd2 Qb2+ 75. Kd3 Qb5+ 76. Kd2 Qb2+ 77. Kd3 Qb1+ 78. Qc2 Qf1+ 79. Qe2
Qb1+ 80. Kd2 Qb2+ 1/2-1/2

[Event "ch-FRA Blitz Online Qual"]
[Site "Europe-Chess INT"]
[Date "2020.05.16"]
[Round "13"]
[White "Quartararo, Pierre"]
[Black "Ben Mohamed, Kader"]
[Result "1-0"]
[WhiteElo "1909"]
[BlackElo "1591"]
[WhiteFideId "614491"]
[BlackFideId "45118523"]
[EventDate "2020.05.16"]

1. d4 Nf6 2. c4 e5 3. dxe5 Ng4 4. Nf3 Nc6 5. Bf4 Bb4+ 6. Nc3 Bxc3+ 7. bxc3 Qe7
8. Qd5 f6 9. exf6 Nxf6 10. Qd3 d6 11. Nd4 Bd7 12. e3 O-O 13. Be2 Rae8 14. O-O
Qf7 15. Nb5 Bg4 16. Bxg4 Nxg4 17. Bg3 Nge5 18. Qd5 Qxd5 19. cxd5 Rf7 20. dxc6
Nxc6 21. Nd4 Nxd4 22. cxd4 d5 23. Rfc1 c6 24. Rab1 a6 25. Rb6 Ref8 26. Rcb1 h5
27. h4 g5 28. Rxb7 Rxb7 29. Rxb7 gxh4 30. Bxh4 Rc8 31. Be7 a5 32. Bc5 h4 33. Rb6
a4 34. Kf1 Rc7 35. Bd6 Rc8 36. Bc5 Kf7 37. a3 Kg6 38. Ke2 Kf5 39. Rb7 Rg8 40.
Rf7+ Ke6 41. Re7+ Kf6 42. Kf3 h3 43. gxh3 Rf8 44. Ke2 Rh8 45. Rc7 Rxh3 46. Rxc6+
Kf7 47. Ra6 Ke8 48. Rxa4 Kd7 49. Ra7+ Kc6 50. a4 Rh8 51. a5 Rb8 52. a6 Rb2+ 53.
Kf3 Rb8 54. Rf7 Rh8 55. a7 Rh3+ 56. Ke2 Rh8 57. Rf6+ Kb7 58. Rd6 Ra8 59. Rd7+
Kc8 60. Rxd5 Kc7 61. f4 Kc6 62. Rd6+ Kc7 63. f5 Re8 64. Ra6 Ra8 65. f6 Rf8 66.
Bxf8 Kb7 67. Rd6 Kxa7 68. f7 Kb7 69. Be7 Kc7 70. f8=Q Kb7 71. Qd8 Ka7 72. Qb6+
Ka8 73. Rd8# 1-0

[Event "ch-FRA Blitz Online Qual"]
[Site "Europe-Chess INT"]
[Date "2020.05.16"]
[Round "13"]
[White "Bellahcene, Sofia"]
[Black "El Barbry, Sarah"]
[Result "1-0"]
[WhiteElo "1948"]
[BlackElo "1779"]
[WhiteFideId "26075954"]
[BlackFideId "26051419"]
[EventDate "2020.05.16"]

1. e4 e6 2. d4 d5 3. Nc3 Bb4 4. e5 c5 5. Bd2 cxd4 6. Nb5 Bf8 7. f4 Nc6 8. Nf3
Bd7 9. Nbxd4 Nxd4 10. Nxd4 Bc5 11. Nb3 Bb6 12. Bd3 Ne7 13. Qe2 Nc6 14. a4 a5 15.
Be3 Bxe3 16. Qxe3 Nb4 17. O-O Nxd3 18. Qxd3 Qc7 19. Nd4 Rc8 20. c3 Qc4 21. Qg3
O-O 22. Kh1 Bxa4 23. b3 Bxb3 24. Rxa5 Qxc3 25. Qxc3 Rxc3 26. Ra3 Bc4 27. Rxc3
Bxf1 28. Rb3 b5 29. Rb1 Bc4 30. Nxb5 Rb8 31. Na3 Rxb1+ 32. Nxb1 Kf8 33. Kg1 Ke7
34. Kf2 Kd7 35. Ke3 Kc6 36. Kd4 Kb5 37. Nc3+ Kb4 38. g4 Kb3 39. Nd1 Be2 40. Ne3
h5 41. h3 hxg4 42. hxg4 Kb2 43. f5 Kc1 44. g5 g6 45. fxe6 fxe6 46. Nxd5 Bg4 47.
Ne7 1-0

[Event "ch-FRA Blitz Online Qual"]
[Site "Europe-Chess INT"]
[Date "2020.05.16"]
[Round "13"]
[White "Oney, Remel"]
[Black "Desarmaux-Do, Yanis-Huy"]
[Result "1-0"]
[WhiteElo "1781"]
[BlackElo "1803"]
[WhiteFideId "6310125"]
[BlackFideId "45118299"]
[EventDate "2020.05.16"]

1. d4 Nf6 2. Bf4 e6 3. e3 d5 4. Nd2 c5 5. c3 Nc6 6. Ngf3 Bd6 7. Bg3 O-O 8. Bd3
b6 9. Ne5 Bb7 10. f4 Nd7 11. Qh5 h6 12. Ndf3 cxd4 13. exd4 Ndxe5 14. fxe5 Be7
15. Bf4 Re8 16. Bxh6 gxh6 17. Qxh6 f5 18. Qg6+ Kf8 19. h4 Nb4 20. cxb4 Bxb4+ 21.
Kf2 Ke7 22. Ng5 Kd7 23. h5 Rg8 24. Qf7+ Kc8 25. Nxe6 Qe8 26. Qc7# 1-0

[Event "ch-FRA Blitz Online Qual"]
[Site "Europe-Chess INT"]
[Date "2020.05.16"]
[Round "13"]
[White "Afraoui, Anaelle"]
[Black "Martin, Nils"]
[Result "1-0"]
[WhiteTitle "WFM"]
[WhiteElo "2120"]
[BlackElo "1639"]
[WhiteFideId "20654383"]
[BlackFideId "45160473"]
[EventDate "2020.05.16"]

1. e4 e5 2. Nf3 Nc6 3. Bb5 a6 4. Ba4 Nf6 5. O-O Bc5 6. c3 b5 7. Bc2 d6 8. d4 Bb6
9. a3 Bg4 10. d5 Ne7 11. a4 O-O 12. axb5 axb5 13. Rxa8 Qxa8 14. Na3 c6 15. dxc6
Qxc6 16. Qd3 Ng6 17. Qxb5 Qxb5 18. Nxb5 Bxf3 19. gxf3 Rd8 20. Rd1 Ne8 21. c4 Kf8
22. b3 Ke7 23. Ba3 f6 24. Bd3 Nf4 25. Bf1 Ng6 26. Nc3 Nh4 27. Nd5+ Kf7 28. Nxb6
Nxf3+ 29. Kh1 Nd4 30. b4 Nc2 31. Rd3 Rb8 32. c5 dxc5 33. bxc5 Nd4 34. Bb2 Nc6
35. Rd7+ Ke6 36. Rd1 Rb7 37. Bc4+ Ke7 38. Bc3 h5 39. Kg2 g5 40. h3 h4 41. Nd5+
Kf8 42. Ne3 Rc7 43. Bd5 Ne7 44. Bb4 Nxd5 45. exd5 e4 46. c6+ Kf7 47. Rc1 Rc8 48.
d6 Nxd6 49. Bxd6 Ke6 50. Bh2 f5 51. Nxf5 Kxf5 52. c7 Ke6 53. Rb1 Kd7 54. Rb8 e3
55. fxe3 g4 56. hxg4 h3+ 57. Kxh3 Rh8+ 58. Rxh8 Ke7 59. c8=Q Kf7 60. Rh6 Kg7 61.
Ra6 Kf7 62. Qc7+ Ke8 63. Ra8# 1-0

[Event "ch-FRA Blitz Online Qual"]
[Site "Europe-Chess INT"]
[Date "2020.05.16"]
[Round "13"]
[White "Demarche, Laurent"]
[Black "Sureau, Corentin"]
[Result "1-0"]
[WhiteElo "1835"]
[BlackElo "1686"]
[WhiteFideId "609757"]
[BlackFideId "36067687"]
[EventDate "2020.05.16"]

1. d3 e5 2. Nd2 d5 3. e4 Nf6 4. Ngf3 Nc6 5. Be2 dxe4 6. dxe4 Bc5 7. O-O O-O 8.
c3 Re8 9. b4 Bb6 10. Qc2 Bg4 11. Nc4 Qe7 12. a4 Bxf3 13. Bxf3 a5 14. b5 Nd8 15.
Nxb6 cxb6 16. Ba3 Qe6 17. Rad1 Rc8 18. Be2 Nd7 19. Rd6 Qe7 20. Rfd1 Nc5 21. Bxc5
bxc5 22. Bc4 Ne6 23. Bxe6 fxe6 24. c4 Qf6 25. Qd2 Rf8 26. f3 Rc7 27. Qxa5 Rcf7
28. Qd2 Qg6 29. a5 Rxf3 30. Rd8 Rxd8 31. Qxd8+ Rf8 32. Qh4 h6 33. Rd8 Rxd8 34.
Qxd8+ Kh7 35. Qd3 Qg5 36. Qe2 Qc1+ 37. Kf2 Qa1 38. Qd2 Qa4 39. Qc3 Qa2+ 40. Kg3
Qb1 41. Qxe5 Qe1+ 42. Kh3 g5 43. Qc7+ Kg6 44. Qg3 Qxe4 45. Qg4 Qe1 46. a6 h5 47.
Qg3 g4+ 48. Kh4 Qa1 49. Qd3+ Kh6 50. Qe3+ Kh7 51. Qe4+ Kh6 52. Qxe6+ Kg7 53.
Kxh5 Qh1 54. Qg6+ Kh8 55. Kxg4 Qxh2 56. g3 Qe2+ 57. Kg5 Qe3+ 58. Kf6 Qd4+ 59.
Kf7 Qf2+ 60. Qf6+ Qxf6+ 61. Kxf6 bxa6 62. bxa6 1-0

[Event "ch-FRA Blitz Online Qual"]
[Site "Europe-Chess INT"]
[Date "2020.05.16"]
[Round "13"]
[White "Sallette, Alain"]
[Black "Mendoza, Mael"]
[Result "0-1"]
[WhiteElo "1831"]
[BlackElo "1451"]
[WhiteFideId "626570"]
[BlackFideId "551036533"]
[EventDate "2020.05.16"]

1. d4 Nf6 2. Bf4 e6 3. e3 d5 4. c3 Bd6 5. Bg3 c6 6. Nf3 Bxg3 7. Nbd2 Bd6 8. Bd3
O-O 9. Qc2 Nbd7 10. O-O-O b5 11. g4 Nxg4 12. Bxh7+ Kh8 13. Rhg1 f5 14. Bg6 Qf6
15. Bh5 Nxf2 16. Rg6 Qe7 17. Rdg1 Nf6 18. Rxg7 Qxg7 19. Rxg7 Kxg7 20. Nf1 N6e4
21. Ng5 Nxg5 22. Qxf2 Rh8 23. Qh4 Ne4 24. Ng3 Nxg3 25. Qxg3+ Bxg3 0-1